|
|
|
|
| LEADER |
01413nam a2200253 a 4500 |
| 001 |
GR-Patra15 |
| 008 |
991022s1979 gr e 000 0 gre d |
| 040 |
|
|
|a GrPaTEI
|b gre
|c GR-PaULI
|
| 082 |
|
0 |
|a 624.15
|
| 100 |
1 |
|
|a Rubener, Rolf H.
|
| 245 |
1 |
0 |
|a Θεμελιώσεις /
|c Rolf H. Rubener, Wilhelm Stiegler ; Χρήστος Δ. Μπίσμπος
|n 1/ .
|p βαθείς θεμελιώσεις, βελτίωση του εδάφους, πάσσαλοι.
|
| 260 |
|
|
|a Αθήνα :
|b Γκιούρδας,
|c 1979
|
| 300 |
|
|
|a (ix, 201σ.) :
|b 133 σχήματα, 28 πίνακες
|
| 500 |
|
|
|a Μετάφραση της 1ης γερμανικής έκδοσης του 1978. Τίτλος πρωτοτύπου : einfuhrung in theorie und praxis der Grundbautechnik
|
| 650 |
|
4 |
|a ΕΔΑΦΟΣ
|
| 650 |
|
4 |
|a Θεμελιώσεις
|
| 700 |
1 |
|
|a Stiegler, Wilhelm
|
| 700 |
1 |
|
|a Μπίσμπος, Χρήστος Δ.
|
| 710 |
0 |
|
|a Γκιούρδας
|
| 942 |
|
|
|2 ddc
|
| 952 |
|
|
|0 0
|1 0
|2 ddc
|4 0
|6 624_150000000000000_RUB
|7 0
|9 280214
|a LISK
|b LISK
|c BSC
|d 2021-01-17
|e 24
|f 0
|g 0.00
|l 0
|o 624.15 RUB
|p 92410016834
|r 2021-01-17 00:00:00
|t 1
|w 2021-01-17
|y BK15
|x 20030403 0 1
|x GrPaTEI
|
| 952 |
|
|
|0 0
|1 0
|2 ddc
|4 0
|6 624_150000000000000_RUB
|7 0
|9 280216
|a LISK
|b LISK
|c BSC
|d 2021-01-17
|e 24
|f 0
|g 0.00
|l 0
|o 624.15 RUB
|p 9241003203
|r 2021-01-17 00:00:00
|t 1
|w 2021-01-17
|y BK15
|x 19991024 0 1
|x GrPaTEI
|
| 971 |
|
|
|a .b26475091
|b 01-10-20
|c 23-09-16
|
| 999 |
|
|
|c 163354
|d 163354
|